On This Day (July 12th) Multiple Choice - Statistics

General Stats
  • This quiz has been taken 9 times
  • The average score is 5 of 15
Answer Stats
Question Answer % Correct
1543 – King Henry VIII of England marries his sixth and last wife, Catherine Parr, at which Palace ? Hampton Court Palace
60%
1962 – Which famous band perform their first concert, at London's Marquee Club ? The Rolling Stones
60%
1527 – Lê Cung Hoàng ceded the throne to Mạc Đăng Dung, ending the Lê dynasty and starting the Mạc dynasty in which country ? Vietnam
60%
1963 – Pauline Reade, 16, the first victim in the Moors murders, disappears from which area of Manchester, England ? Gorton
40%
1920 – A Peace Treaty is signed, by which Soviet Russia recognizes the independence of whish nation ? Lithuania
40%
2012 – A tank truck explosion kills more than 100 people in Okobie, in which African country ? Nigeria
40%
July 12 is also known as Orangemen's Day predominantly in which region ? Northern Ireland, UK
40%
1961 – Which Indian city floods due to failure of the Khadakwasla and Panshet dams, killing at least two thousand people ? Pune
40%
1776 – Captain James Cook begins which of his voyages ? Third
40%
1801 – British ships inflict heavy damage on Spanish and French ships in the Second Battle of where ? Algeciras
20%
AD 70 – The armies of Titus attack the walls of which city after a six-month siege ? Jerusalem
20%
1950 – Eric Carr, American drummer and songwriter is born. He is best known as the drummer for which band ? KISS
20%
1913 – Serbian forces begin their siege of which Bulgarian city ? Vidin
20%
1576 – The Mughal Empire annexes which region after a victory at the Battle of Raj Mahal ? Bengal
0%
1979 – Which island nation becomes independent from the United Kingdom ? Kiribati
0%
No matching quizzes found
Score Distribution
Percent of People with Each Score
Percentile by Number Answered
Your Score History
You have not taken this quiz